| 000 | 00557cam a22001934a 4500 | ||
|---|---|---|---|
| 020 | _a082136619X | ||
| 020 | _a0821366203 (eISBN) | ||
| 020 | _a9780821366196 | ||
| 040 | _cDLC | ||
| 082 | 0 | 0 | _a368 WOR 2007 A019 Or. |
| 245 | 0 | 0 |
_aPrivate voluntary health insurance in development : _bfriend or foe? / |
| 260 |
_aWashington, D.C. : _bWorld Bank, _cc2007. |
||
| 300 |
_axxvii, 424 p. : _bill. ; _c26 cm. |
||
| 650 | 0 | _aHealth insurance | |
| 700 | 1 | _aPreker, Alexander S., | |
| 700 | 1 | _aScheffler, Richard M. | |
| 700 | 1 | _aBassett, Mark C., | |
| 942 | _cEK | ||
| 999 |
_c12165 _d12165 |
||